Základné predpisy pre hospodárenie rozpočtových a príspevkových organizácií s dôvodovými správami
Gespeichert in:
| Format: | Buch |
|---|---|
| Sprache: | Slowakisch |
| Veröffentlicht: |
Bratislava
EPOS
1996
|
| Ausgabe: | 1. vyd. |
| Schlagworte: | |
| Tags: |
Keine Tags, Fügen Sie das erste Tag hinzu!
|
MARC
| LEADER | 00000nam a2200000 4500 | ||
|---|---|---|---|
| 001 | c016705 | ||
| 005 | 20221128074638.4 | ||
| 020 | |a 80-88810-33-7 | ||
| 041 | 0 | |a slo | |
| 044 | |a SK | ||
| 245 | 1 | 0 | |a Základné predpisy pre hospodárenie rozpočtových a príspevkových organizácií s dôvodovými správami |
| 250 | |a 1. vyd. | ||
| 264 | 1 | |a Bratislava |b EPOS |c 1996 | |
| 300 | |a 192 s. | ||
| 610 | 2 | 0 | |a organizácie hospodárske |
| 610 | 2 | 0 | |a organizácie rozpočtové |
| 610 | 2 | 0 | |a organizácie príspevkové |
| 610 | 2 | 0 | |a predpisy právne |